[Event "Magnus Carlsen Chess Tour Finals Kiva"]
[Site "Online"]
[Date "2020.08.13"]
[Round "2.4"]
[White "Carlsen, Magnus"]
[Black "Nakamura, Hikaru"]
[Result "1-0"]
[WhiteElo "2881"]
[BlackElo "2829"]
[Annotator "TA"]
[PlyCount "71"]
[EventDate "2020.08.09"]
[EventType "k.o."]
[SourceTitle "playchess.com"]
[Source "ChessBase"]
[SourceQuality "1"]

{[%evp 12,71,20,7,14,7,12,11,16,21,17,16,25,22,27,17,16,19,23,0,0,0,24,21,50,51,56,48,67,50,46,43,64,52,56,64,69,68,59,64,65,64,298,332,352,324,442,452,431,461,448,453,450,444,433,438,1061,1056,1018,706,1000,987]} 1. e4 e5 2. Nf3 Nc6 3. Bc4 Bc5 4. O-O Nf6 5. d3 d6 6. c3 h6 7. Re1 O-O {C54: Giuoco Piano: 4 c3 Nf6, main lines with 5 d4 and 5 d3.} 8. Nbd2 a5 9. Nf1 Be6 {The position is equal.} 10. Bb5 Ne7 11. d4 exd4 12. cxd4 Bb6 13. Ng3 d5 14. e5 Ne4 15. Bd3 (15. Be3 Nf5 16. Nxf5 Bxf5 17. Nd2 Nxd2 18. Qxd2 a4 19. b4 axb3 20. axb3 c6 21. Be2 Qe7 22. h3 Ra3 {½-½ (43) Carlsen,M (2863)-Nakamura,H (2736) chess24.com INT 2020}) 15... Nxg3 16. hxg3 {[#]} a4 $146 ({Predecessor:} 16... Qd7 17. Bc2 Bf5 18. Ba4 Qe6 19. Be3 Bh7 20. Rc1 Rad8 21. Rc3 Be4 22. Nd2 Nf5 {½-½ (59) Wang,H (2726)-Oleksienko,M (2598) Qinhuangdao 2019}) 17. Bc2 a3 18. bxa3 Bg4 19. a4 Qd7 20. Ba3 Rfe8 21. Bxe7 $40 {[%mdl 128] White is up to no good.} Qxe7 22. Qd3 {Qh7+ would kill now.} g6 23. Nh4 $1 Qb4 {[#]} 24. Nxg6 $1 {[%mdl 512] Threatens to win with Nh4.} Qxd4 {[#]} (24... fxg6 25. Qxg6+) 25. Ne7+ $1 {[%mdl 512]} Kf8 (25... Rxe7 26. Qh7+) 26. Nxd5 {aiming for Qh7.} Qxf2+ $2 {[#] Black cannot hold the game after this.} ({Black should play} 26... Qxd3 $14 27. Bxd3 Ba5) 27. Kh2 $1 $18 {Intending Qh7 and mate.} Rad8 {Hoping for ...Rxd5!} 28. Rf1 Rxe5 {[%cal Re5h5]} 29. Rxf2 {White is clearly winning.} Rdxd5 30. Rxf7+ $1 Ke8 {[%cal Re5h5]} 31. Qxd5 Rxd5 {[%cal Rd5h5]} 32. Bg6 {Black must now prevent Rf5+.} Kd8 33. Re1 c6 (33... Rd4 $142 34. Rh7 Kc8 35. Re8+ Rd8 36. Rxd8+ Kxd8) 34. Rxb7 {[%csl Gg6][%cal Re1e8]} Bc7 35. Re8+ Kd7 36. Rh8 {Accuracy: White = 100%, Black = 71%.} 1-0

[Event "Magnus Carlsen Chess Tour Finals Kiva"]
[Site "Online"]
[Date "2020.08.13"]
[Round "2.4"]
[White "Carlsen, Magnus"]
[Black "Nakamura, Hikaru"]
[Result "1/2-1/2"]
[WhiteElo "2881"]
[BlackElo "2829"]
[Annotator "TA"]
[PlyCount "125"]
[EventDate "2020.08.09"]
[EventType "k.o."]
[SourceTitle "playchess.com"]
[Source "ChessBase"]
[SourceQuality "1"]

{[%evp 11,125,0,0,0,3,15,26,14,18,0,53,63,48,60,53,74,95,95,106,10,11,12,132,66,63,33,37,32,35,17,70,72,87,12,206,219,186,232,220,196,199,180,196,191,190,185,182,177,181,166,299,292,232,157,160,152,145,102,143,151,158,144,146,139,127,127,137,111,94,0,0,0,107,0,0,0,0,0,0,0,0,0,0,0,0,0,0,0,0,0,0,0,0,0,0,0,0,0,0,0,0,0,0,0,0,0,0,0,0,0,0,0,0,0,0,0]} 1. c4 e5 2. g3 Nf6 3. Bg2 d5 4. cxd5 Nxd5 5. Nf3 Nc6 6. O-O Nb6 7. b3 {A20: English Opening: 1...e5.} Be6 $1 {[%mdl 4] now scores much better than the old 7...Be7.} 8. Bb2 f6 $1 9. Nc3 {White has an edge.} Qd7 10. Qc1 {[#]} Nd4 $146 (10... Bb4 $11) ({Predecessor:} 10... O-O-O 11. d4 Nxd4 12. Nxd4 exd4 13. Rd1 Bb4 14. Ne4 Qb5 15. Rxd4 Rxd4 16. Bxd4 Qxe2 {½-½ (31) Vecek,M (2330)-Starodubtsev,V (2345) ICCF email 2018}) 11. Nxd4 $14 exd4 12. Ne4 O-O-O 13. a4 {[%cal Ba2a4,Ba4a5][%mdl 32]} d3 14. a5 Nd5 15. Nc5 (15. e3 $16) 15... Bxc5 $1 $11 16. Qxc5 Kb8 (16... dxe2 $11 17. Rfe1 a6) 17. Bd4 ({Better is} 17. e4 $16) 17... b6 $14 18. axb6 $40 {[%mdl 128] Black needs to defend precisely.} cxb6 19. Qa3 {e4 is the strong threat.} dxe2 20. Rfe1 Rc8 (20... Rhf8 $11) 21. Rxe2 Rc7 22. Rae1 (22. Qa6 $16 Rhc8 23. Ree1) 22... Bh3 $2 (22... Bf5 $11) 23. Bxb6 $1 $18 {[%mdl 64] Deflection} Nxb6 24. Re7 Qxd2 {White must now prevent ...Rxe7.} 25. Bxh3 Rd8 26. Qa6 Rxe7 27. Rxe7 {[%csl Ge7][%cal Ra6a7]} Qd1+ {[#]} 28. Bf1 $1 {[%csl Ge7][%cal Ra6b7]} Rd7 29. Re8+ Rd8 30. Re3 h5 (30... Qd6 {keeps fighting.} 31. Rd3 Qe7 32. Rxd8+ Qxd8) 31. h4 (31. Re7 Rd7 $16) 31... g5 32. hxg5 (32. Re7 $6 Rd7) 32... fxg5 33. Re7 {[%csl Ge7][%cal Ra6b7]} Rd7 34. Re5 Rd5 35. Re8+ Rd8 36. Qb5 {And now Qe5+ would win.} h4 37. Qe5+ Kc8 38. Re6 hxg3 39. Rc6+ ({Don't play} 39. fxg3 $6 Qd4+ 40. Qxd4 Rxd4 $14) 39... Kb7 40. Qc7+ ({White should try} 40. Rc7+ $16 Ka8 41. Qxg3) 40... Ka8 $11 41. Qxg3 {Threatens to win with Rg6.} Nd5 {[#]} (41... Rd4 $1 $11 42. Qg2 Kb8 43. Qh2+ Ka8) 42. Qxg5 ({White should play} 42. Qg2 $1 $16) 42... Nf4 $1 {The position is equal.} 43. Qxf4 Rg8+ 44. Kh2 $1 {White wants to mate with Rc8+!} Qxf1 {[%csl Gg8][%cal Rf1g2][%mdl 4096] Endgame KQR-KQR} 45. Qf3 {[%cal Rc6c8]} Kb8 46. Qf4+ Ka8 {[%csl Gg8][%cal Rf1g2]} 47. Qf3 {[%cal Rc6c8]} Kb8 48. Rh6 Qg1+ 49. Kh3 Qf1+ 50. Kh4 {Intending Qf4+ and mate.} Qg1 ({Much worse is} 50... Qc1 $6 51. Rh5 $16 (51. Rh7 Qg5+ 52. Kh3 Qb5 $16)) 51. Qf4+ Ka8 52. Qe4+ Kb8 {[%cal Rg1h2]} 53. Qe5+ Ka8 {[%csl Gg8][%cal Rg1g4]} 54. Qd5+ Kb8 {[%cal Rg1h2]} 55. Qb5+ Ka8 {[%cal Rg1h2]} 56. Qc6+ Kb8 {[%cal Rg1h2]} 57. Qd6+ Ka8 {[%csl Gg8][%cal Rg1g4]} 58. Qd5+ Kb8 {[%cal Rg1h2]} 59. Qe5+ Ka8 {[%csl Gg8][%cal Rg1g4]} 60. Qe4+ Kb8 {[%cal Rg1h2]} 61. Qf4+ Ka8 62. Qf3+ Kb8 {( -> ...Qg5+)} 63. Qf4+ {Black escapes into a draw. Accuracy: White = 80%, Black = 75%.} 1/2-1/2

[Event "Magnus Carlsen Chess Tour Finals Kiva"]
[Site "Online"]
[Date "2020.08.13"]
[Round "2.4"]
[White "Nakamura, Hikaru"]
[Black "Carlsen, Magnus"]
[Result "1/2-1/2"]
[WhiteElo "2829"]
[BlackElo "2881"]
[Annotator "TA"]
[PlyCount "76"]
[EventDate "2020.08.09"]
[EventType "k.o."]
[SourceTitle "playchess.com"]
[Source "ChessBase"]
[SourceQuality "1"]

{[%evp 9,76,30,32,31,41,0,0,0,7,-10,0,0,0,-6,0,-21,-23,-26,-10,-10,-6,-12,-9,-14,-6,-12,-6,-7,0,0,-8,-7,0,0,0,-4,0,-8,0,-3,-4,-17,0,-18,-18,-18,0,-18,-2,-17,0,0,0,0,0,0,0,0,0,0,0,0,0,0,0,0,0,0,0]} 1. e4 e5 2. Nf3 Nc6 3. Bb5 Nf6 4. d3 d6 (4... Bc5 5. Bxc6 dxc6 6. O-O Bg4 7. h3 Bh5 8. g4 Nxg4 9. hxg4 Bxg4 10. Be3 Be7 11. Kh1 f5 12. Rg1 h5 13. Nc3 f4 14. Bd2 g5 15. Nb1 {1-0 (33) Nakamura,H (2736)-Carlsen,M (2863) chess24.com INT 2020}) 5. c3 g6 6. d4 {C65: Ruy Lopez: Berlin Defence (3...Nf6), unusual lines and 4 0-0 Bc5.} Bd7 7. dxe5 (7. Bd3 {keeps more tension.} Bg7 8. O-O O-O 9. h3 exd4 10. cxd4 Nb4 11. Re1) 7... Nxe5 8. Nxe5 dxe5 {[#]} 9. Bxd7+ $146 ({Predecessor:} 9. Qe2 Bg7 10. Bd3 O-O 11. O-O Nh5 12. Na3 Qh4 13. g3 Qh3 14. f3 Rfd8 15. Rd1 {1-0 (34) Maroczy,G-Euwe,M Bad Aussee 1921}) 9... Qxd7 10. Qxd7+ Nxd7 11. Be3 Bc5 12. Ke2 Bxe3 13. Kxe3 Ke7 14. Rd1 {The position is equal.} Rhd8 15. Na3 Nc5 16. Nc4 Ke6 17. b3 b6 18. Nb2 a5 19. Rxd8 Rxd8 20. Rd1 Rxd1 (20... Rf8 {is interesting.} 21. f3 Ra8 22. Nd3 Nxd3 23. Rxd3 h5) 21. Nxd1 $11 {[%mdl 4096] Endgame KN-KN} f5 22. f3 f4+ 23. Ke2 g5 24. Nf2 h5 25. Nd3 Kd6 26. Nxc5 Kxc5 {KP-KP} 27. Kd3 Kb5 28. a3 c6 29. c4+ Kc5 30. Kc3 b5 31. b4+ axb4+ 32. axb4+ Kd6 33. cxb5 cxb5 34. h3 h4 35. Kc2 Ke6 36. Kc3 Kd6 37. Kc2 $1 Ke6 38. Kc3 Kd6 {Accuracy: White = 97%, Black = 100%.} 1/2-1/2

[Event "Magnus Carlsen Chess Tour Finals Kiva"]
[Site "Online"]
[Date "2020.08.17"]
[Round "2.5"]
[White "Carlsen, Magnus"]
[Black "Nakamura, Hikaru"]
[Result "1/2-1/2"]
[WhiteElo "2881"]
[BlackElo "2829"]
[Annotator "TA"]
[PlyCount "87"]
[EventDate "2020.08.09"]
[EventType "k.o."]
[SourceTitle "playchess.com"]
[Source "ChessBase"]
[SourceQuality "1"]

{[%evp 12,87,32,7,21,12,6,9,12,12,12,7,22,8,22,14,20,18,21,0,0,0,2,2,17,0,15,8,16,8,7,0,0,0,0,0,0,0,0,0,0,0,0,0,0,0,0,0,0,0,0,0,0,0,0,0,0,0,0,0,0,0,0,0,0,-10,0,-15,-8,-8,-8,-8,-8,-8,-8,-8,-8,-9]} 1. e4 e5 2. Nf3 Nc6 3. Bc4 Bc5 4. O-O Nf6 5. d3 d6 6. c3 h6 7. Re1 O-O {The position is equal. C54: Giuoco Piano: 4 c3 Nf6, main lines with 5 d4 and 5 d3.} 8. Nbd2 a5 9. Nf1 Be6 10. Bb5 Ne7 11. d4 exd4 12. cxd4 Bb6 13. Ng3 d5 14. e5 Ne4 15. Bd3 (15. Be3 Nf5 16. Nxf5 Bxf5 17. Nd2 Nxd2 18. Qxd2 a4 19. b4 axb3 20. axb3 c6 21. Be2 Qe7 22. h3 Ra3 {½-½ (43) Carlsen,M (2863)-Nakamura,H (2736) chess24.com INT 2020}) 15... Nxg3 16. hxg3 {[#]} Bg4 $146 ({Predecessor:} 16... Qd7 17. Bc2 Bf5 18. Ba4 Qe6 19. Be3 Bh7 20. Rc1 Rad8 21. Rc3 Be4 22. Nd2 Nf5 {½-½ (59) Wang,H (2726)-Oleksienko,M (2598) Qinhuangdao 2019}) 17. Bc2 c5 18. Be3 cxd4 19. Bxd4 Rc8 {[#] Threatens to win with ...Bxd4.} 20. Rc1 Rc4 {...Rxd4! is the strong threat.} 21. Bxb6 Qxb6 22. b3 Rc7 23. Bb1 Rfc8 24. Rxc7 Qxc7 25. Qd4 Be6 26. Qd3 Bf5 27. Qe3 Qc3 28. Qf4 Bxb1 29. Rxb1 Ng6 30. Qf5 {Threatening e6.} Qc2 31. Nd4 Qxf5 32. Nxf5 $11 {[%mdl 4096] Endgame KRN-KRN} Kf8 33. f4 Ne7 34. Nd6 Rc2 35. a4 d4 36. Rd1 Nc6 37. Nb5 Rb2 38. Rd3 Ke7 39. Kh2 Ke6 40. Nxd4+ Nxd4 41. Rxd4 {aiming for Rd6+.} Rxb3 42. Rd6+ Ke7 43. Rd5 b6 44. Rd6 {Not much happened in this game. Accuracy: White = 100%, Black = 100%.} 1/2-1/2

[Event "Magnus Carlsen Chess Tour Finals Kiva"]
[Site "Online"]
[Date "2020.08.17"]
[Round "2.5"]
[White "Carlsen, Magnus"]
[Black "Nakamura, Hikaru"]
[Result "0-1"]
[WhiteElo "2881"]
[BlackElo "2829"]
[Annotator "TA"]
[PlyCount "160"]
[EventDate "2020.08.09"]
[EventType "k.o."]
[SourceTitle "playchess.com"]
[Source "ChessBase"]
[SourceQuality "1"]

{[%evp 19,160,41,82,93,92,62,73,34,114,97,101,5,0,0,0,-18,-26,-25,-24,-28,-24,-27,0,0,-3,-32,-26,-27,-35,-36,-33,-70,-68,-123,-93,-92,-83,-94,-94,-99,-100,-125,-124,-184,-182,-177,-184,-140,-124,-209,-209,-205,-202,-245,-258,-259,-245,-244,-231,-211,-45,-40,-43,-49,-28,-42,-40,-48,-45,-72,-43,-36,-36,-36,-38,-33,0,0,0,0,0,-869,-879,-879,-879,-872,-868,-500,-195,-796,-721,-9083,-8860,-6533,-195,-195,-195,-6256,-6137,-5131,-195,-5124,-195,-12834,-30,-195,-195,-12833,-12833,-12831,-41,-12839,-12840,-12845,-12845,-12845,-12845,-12845,-12846,-12846,-12846,-12850,-12851,-27997,-27998,-27999,-27999,-27996,-27996,-27997,-27996,-27997,-27997,-27998,-27998,-27999,-27999,-27997,-27997,-27999,-27999,-27997,-27997]} 1. d4 Nf6 2. Nf3 g6 3. c4 Bg7 4. Nc3 O-O 5. e4 d6 6. Be2 Nbd7 7. O-O e5 8. Be3 Ng4 9. Bg5 f6 10. Bh4 h5 11. h3 {E94: King's Indian: Classical: 6 Be2 e5 7 0-0: Various Black 7th moves.} Nh6 12. Bg3 Kh7 {[#]} 13. Qc2 $146 {White is better.} ({Predecessor:} 13. Qd2 Nf7 14. Rad1 c6 15. b4 Qe7 16. Rfe1 Rd8 17. a3 Nf8 18. Bf1 g5 19. d5 {½-½ (31) Roiz,M (2657)-Radjabov,T (2733) Bursa 2010}) 13... c6 (13... exd4 $14 14. Nxd4 Nc5) 14. Rad1 $16 Qe7 15. c5 (15. b4 $16) 15... dxc5 $11 16. d5 Nb6 17. dxc6 bxc6 18. Na4 Nxa4 19. Qxa4 Rb8 {[%cal Ba8b8,Bb8b4,Bb4e4,Be4d4][%mdl 32]} 20. b3 Rb4 $36 {[%mdl 2048] Black is more active.} 21. Qxc6 Bb7 22. Qd7 (22. Rd7 $5 {[%cal Rc6c7]} Bxc6 23. Rxe7 $11) 22... Rf7 23. Qxe7 Rxe7 24. Nd2 Bxe4 25. Nxe4 Rxe4 26. Bc4 (26. Ba6 $15) 26... Rd4 27. f3 Red7 28. Ra1 Nf5 29. Bf2 Bh6 30. Rfe1 Bd2 31. Bxd4 (31. Re2 $17) 31... cxd4 $19 32. Red1 Be3+ {[%mdl 1024] Black has strong compensation.} 33. Kh2 h4 34. b4 (34. Bb5 $17 {was necessary.} Rc7 35. Ba6) 34... Bf4+ 35. Kg1 Ne3 $1 {[%cal Re3c4]} 36. Rdc1 {[#]} d3 $1 {[%cal Rd3d2] Hoping for ...d2.} 37. Bb5 Rd4 38. Rc7+ Kh6 39. Rd7 {With the idea Rxd4.} Rxb4 $2 ({Better is} 39... Nd5 $19 {White must now prevent ...d2.} 40. Kf2 Be3+ 41. Kf1 d2 42. Rxd5 Rxd5) 40. Bxd3 $15 Rb2 41. Bf1 $1 Nf5 42. a4 Be3+ 43. Kh2 Bd4 44. Rc1 Ne3 45. a5 Rf2 46. Kg1 $1 {[%cal Rg1f2]} Ra2 (46... Nxf1 $2 47. Rxd4 Ra2 48. Rxh4+ Kg5 49. Rg4+ Kf5 50. Kxf1 $18) 47. a6 Nxf1+ 48. Kxf1 {[%mdl 4096] Endgame KRR-KRB} Rf2+ 49. Ke1 {aiming for Rxd4!} Rxg2 50. f4 $2 {[%mdl 8192]} (50. Rc6 $11) 50... Rg1+ $19 51. Kd2 {[#]} Be3+ $1 {[%mdl 512]} 52. Kxe3 Rxc1 53. fxe5 {KR-KR} Re1+ $2 (53... fxe5 54. Ke4 (54. Rxa7 $2 Rc3+ 55. Ke4 Rxh3 $19) 54... Rc3 55. Rxa7 Rxh3 56. Kxe5 Ra3) 54. Kf3 $2 (54. Kf2 Rxe5 55. Rxa7) 54... Rxe5 55. Rxa7 Ra5 56. Ra8 Ra3+ $2 (56... Kg5 57. a7 f5) 57. Kg4 Ra4+ $2 (57... f5+ 58. Kf4 Ra4+ 59. Ke5 Kg5) 58. Kf3 Kg5 59. a7 Ra1 $2 (59... Ra2 60. Ke4 Ra5) 60. Ke3 $2 (60. Kg2) 60... Ra3+ $2 (60... Kf5 61. Kd4 g5) 61. Ke4 $2 (61. Kf2) 61... Ra2 $2 (61... f5+ $19 62. Ke5 f4) 62. Kf3 $2 (62. Kd4 $11 {and White stays safe.}) 62... Ra6 63. Ke4 $2 (63. Kf2) 63... Ra3 64. Kd5 {[#]} Kf4 $2 (64... f5 $1 $19 {Threatens to win with ...Kf4.} 65. Kc5 f4) 65. Rh8 $2 {[%mdl 8192]} (65. Rf8 $15 Rxa7 66. Rxf6+ Kg3 67. Rxg6+ Kxh3 68. Ke4) 65... Rxa7 66. Rxh4+ Kf5 67. Rh8 Rd7+ 68. Kc5 g5 69. Rh6 Ke5 70. h4 gxh4 71. Rxh4 Rc7+ {Black mates.} 72. Kb6 Rc2 73. Rh1 f5 74. Re1+ Kf4 75. Rf1+ Ke4 76. Re1+ Kf3 77. Rf1+ Rf2 78. Rd1 f4 79. Kc5 Kg2 80. Kd4 f3 {Accuracy: White = 51%, Black = 67%.} 0-1

[Event "Magnus Carlsen Chess Tour Finals Kiva"]
[Site "Online"]
[Date "2020.08.17"]
[Round "2.5"]
[White "Nakamura, Hikaru"]
[Black "Carlsen, Magnus"]
[Result "0-1"]
[WhiteElo "2829"]
[BlackElo "2881"]
[Annotator "TA"]
[PlyCount "116"]
[EventDate "2020.08.09"]
[EventType "k.o."]
[SourceTitle "playchess.com"]
[Source "ChessBase"]
[SourceQuality "1"]

{[%evp 15,116,27,62,0,0,0,0,0,3,0,0,-23,-16,-19,-9,-64,-63,-46,-38,-85,-85,-139,-127,-168,-137,-164,-79,-147,-113,-144,-185,-231,-232,-312,-315,-303,-305,-334,-295,-313,-33,-528,-501,-489,-427,-420,-419,-489,-482,-516,-432,-507,-498,-504,-500,-480,-415,-633,-605,-669,-400,-864,-520,-476,-471,-1617,-1640,-1517,-1512,-1512,-1311,-1367,-1273,-1517,-1512,-1385,-1299,-1187,-1015,-29980,-29981,-29981,-12821,-29982,-29983,-29983,-277,-29980,-29981,-29981,-29982,-29986,-29987,-29991,-29992,-29992,-29991,-29991,-29992,-29992,-29993,-29993,-29993]} 1. e4 Nf6 2. e5 Nd5 3. d4 d6 4. c4 Nb6 5. f4 dxe5 6. fxe5 Bf5 7. Nc3 e6 8. Nf3 Bb4 {was the old line (8...Nc6).} 9. Be2 {B03: Alekhine's Defence: Four Pawns Attack.} ({White should try} 9. Bd3 $14) 9... c5 $11 10. a3 Bxc3+ 11. bxc3 {The position is equal.} Nc6 12. O-O O-O 13. Be3 (13. dxc5 Qxd1 14. Rxd1 Na4 $17) 13... Na5 14. Nd2 Bg6 15. Qe1 {[#]} (15. Rf3 $11) 15... Na4 $146 ({Predecessor:} 15... Rc8 16. Rc1 Qe7 17. h4 cxd4 18. cxd4 Qxa3 19. Qg3 Nb3 20. Rc3 Nxd4 21. Bxd4 Qb2 22. Bxb6 axb6 {1-0 (45) Kuba,J (2239)-Freisler,P (2357) Ostrava 2014}) 16. Nf3 Nb2 17. Bg5 Qd7 18. Qh4 (18. dxc5 $142 h6 19. Bf4) 18... cxd4 $17 19. cxd4 Nbxc4 20. Qg4 Qd5 (20... Rac8 $19 {and Black stays clearly on top.} 21. Rac1 h6) 21. Rae1 (21. Nh4 $142) 21... Rac8 22. h4 h5 (22... Nxa3 23. h5 $11) 23. Qg3 Nxa3 24. Bf6 Nc2 25. Bd3 Nxe1 (25... gxf6 26. Bxg6 Kh8 {[#]} 27. Qf4 $1 $18 {[%mdl 512]}) 26. Rxe1 Qd7 (26... gxf6 27. Bxg6 f5 28. Bxf5+ Kh8 29. Be4 $16) 27. d5 Rc3 $2 ({And not} 27... gxf6 28. exf6 Rc4 29. Ne5 $14) (27... exd5 28. e6 $18) (27... Qxd5 28. Bxg6 fxg6 29. Qxg6 $17) ({Better is} 27... Rc4 $19 28. Bxg6 Rg4 {[%mdl 64] Double Attack} 29. Bh7+ {[%mdl 64] Decoy} Kxh7 30. Ng5+ Kg8) 28. Re3 $2 {[%mdl 8192] White does not recover from this.} (28. Bxg6 $15 fxg6 29. Qxg6) 28... Rxd3 $19 29. Rxd3 exd5 ({Resist} 29... gxf6 30. exf6 Nc4 31. Qf4 $19) 30. e6 Qxe6 31. Bd4 Nc6 {...Qg4 is the strong threat.} 32. Rd2 Qg4 33. Qf2 Be4 34. Ne5 Nxe5 35. Bxe5 Rc8 {[#] And now ...Rc1+ would win.} 36. Kh2 (36. Qg3 $142) 36... f6 37. Bd4 b6 38. Ra2 (38. Qg3 $142) 38... Rc2 39. Rxc2 Bxc2 40. Bxf6 (40. Be3 $142) 40... gxf6 41. Qxc2 Qxh4+ {[%mdl 4096] Endgame KQ-KQ} 42. Kg1 Qe1+ 43. Kh2 Qe5+ 44. Kh1 Kg7 45. Qc6 d4 46. Qb7+ Kh6 {Hoping for ...d3.} 47. Qxa7 d3 48. Qd7 Qe1+ 49. Kh2 d2 50. Qd8 Qh4+ ({Stronger than} 50... d1=Q 51. Qxf6+ Kh7 52. Qf7+ Kh8 53. Qf8+ Kh7 54. Qf7+ Kh8 55. Qf8+ Kh7 56. Qf7+ $11) 51. Kg1 Qf4 {Black mates.} 52. Qh8+ Kg5 {[%cal Rd2d1]} 53. Qg8+ Kh4 {[%cal Rd2d1]} 54. Qd5 Qe3+ 55. Kh2 Qe5+ 56. g3+ Qxg3+ 57. Kh1 Qe1+ 58. Kg2 Qe2+ {Accuracy: White = 56%, Black = 83%.} 0-1

[Event "Magnus Carlsen Chess Tour Finals Kiva"]
[Site "Online"]
[Date "2020.08.17"]
[Round "2.5"]
[White "Nakamura, Hikaru"]
[Black "Carlsen, Magnus"]
[Result "1/2-1/2"]
[WhiteElo "2829"]
[BlackElo "2881"]
[Annotator "TA"]
[PlyCount "107"]
[EventDate "2020.08.09"]
[EventType "k.o."]
[SourceTitle "playchess.com"]
[Source "ChessBase"]
[SourceQuality "1"]

{[%evp 12,107,18,20,30,33,31,27,27,9,12,0,16,0,16,0,22,0,2,0,2,0,0,0,0,0,0,0,0,0,0,0,0,0,0,0,0,-6,-7,0,-2,-21,-22,-33,-28,-43,-23,-30,-20,-48,-21,-25,0,0,0,-57,0,-25,0,0,0,0,0,0,0,0,0,-164,-157,-257,-257,-230,-214,-225,-59,-47,0,0,0,0,0,0,0,0,0,0,0,-118,0,0,0,0,0,0,0,0,0,0]} 1. e4 e5 2. Nf3 Nc6 3. Bb5 Nf6 4. O-O Nxe4 5. Re1 Nd6 6. Nxe5 Be7 7. Bf1 Nf5 {C67: Ruy Lopez: Berlin Defence: 4 0-0 Nxe4.} 8. Nf3 O-O 9. d4 d5 {White has an edge.} 10. Nc3 Bb4 11. a3 Bxc3 12. bxc3 Nd6 {[#]} 13. h3 $146 ({Predecessor:} 13. Ne5 Ne7 14. a4 f6 15. Nd3 a5 16. Ba3 Rf7 17. Nf4 g5 18. Ne6 Bxe6 19. Rxe6 {½-½ (29) Hovhannisyan,R (2595)-Bosiocic,M (2597) Tsaghkadzor 2017}) 13... Bf5 14. Bf4 Re8 15. Rxe8+ Qxe8 16. Nh4 {[#] Threatens to win with Bxd6.} Be4 17. f3 Bg6 $1 18. Nxg6 hxg6 19. Bd3 Na5 20. Bxd6 cxd6 21. Qd2 Nc4 22. Bxc4 dxc4 $11 {[%mdl 4096] Endgame KQR-KQR} 23. Re1 Qa4 24. Qc1 Re8 25. Rxe8+ Qxe8 {KQ-KQ} 26. Kf2 Qa4 27. Qb2 b6 28. h4 Kf8 29. Qb4 Qc6 30. g4 Ke7 31. Kg3 Qd5 32. Qb1 Qe6 33. Qc1 (33. Qb4 $11) 33... Kd7 (33... Kf8 $1 $15) 34. Kf2 Kc6 35. Qg5 Kb7 36. Qd8 f5 37. Qf8 {aiming for gxf5.} fxg4 38. fxg4 Ka6 39. Kf3 $2 (39. a4 $11 {and White stays safe.}) 39... d5 $19 40. Kf4 (40. Qb4 $17 {was necessary.}) 40... g5+ $1 41. hxg5 Qe4+ 42. Kg3 Qe1+ $2 (42... Qxc2 $19 43. Qf3 Qd3) 43. Qf2 $1 $15 {[%cal Rf2e1]} Qxc3+ 44. Kf4 Qxa3 45. Ke5 Qe7+ 46. Kxd5 Kb5 47. Qf5 a5 48. c3 a4 49. Qb1+ {[#]} (49. g6 $11 {was the only way to keep the balance.}) 49... Ka5 (49... Ka6 $1 $17 {...Qd7+ is the strong threat.} 50. Kc6 Qb7+ 51. Kd6 Qc8) 50. Kc6 $11 {[%csl Gc6][%cal Rb1b6] The position is equal.} Qe6+ 51. Kc7 {Threatening mate with Qb4+.} Qe7+ 52. Kc6 {[%csl Gc6][%cal Rb1b6]} Qe8+ 53. Kc7 $1 {[%csl Gc7][%cal Rb1b6]} Qe7+ 54. Kc6 {Accuracy: White = 82%, Black = 80%.} 1/2-1/2

[Event "Magnus Carlsen Chess Tour Finals Kiva"]
[Site "Online"]
[Date "2020.08.17"]
[Round "2.6"]
[White "Carlsen, Magnus"]
[Black "Nakamura, Hikaru"]
[Result "1-0"]
[WhiteElo "2881"]
[BlackElo "2829"]
[Annotator "TA"]
[PlyCount "81"]
[EventDate "2020.08.09"]
[EventType "k.o."]
[SourceTitle "playchess.com"]
[Source "ChessBase"]
[SourceQuality "1"]

{[%evp 18,81,0,-31,-15,-21,-14,-35,0,0,0,7,22,13,25,-4,-3,-4,0,0,0,0,0,-23,-25,-49,-22,-29,18,26,56,-104,18,20,86,86,86,86,222,119,226,222,187,170,282,279,261,51,49,0,82,81,81,72,65,60,481,155,376,359,581,568,6283,5418,29998,29999]} 1. d4 Nf6 2. c4 e6 3. Nc3 Bb4 4. e3 O-O 5. Bd3 c5 6. Nge2 d5 7. a3 Bxc3+ 8. bxc3 dxc4 9. Bxc4 Qc7 10. Ba2 b6 {E49: Nimzo-Indian: Rubinstein: 5 Bd3 d5 6 a3 Bxc3+ 7 bxc3.} 11. O-O Ba6 12. Bb2 Nc6 {Black is slightly better.} 13. Rc1 {[#]} Rac8 $146 ({Predecessor:} 13... Rfd8 14. c4 cxd4 15. exd4 Ng4 16. Ng3 Qf4 17. h3 Nf6 18. Ne2 Qh4 19. d5 exd5 20. cxd5 {1-0 (49) Carlsen,M (2851)-Aronian,L (2780) Leuven 2017}) 14. c4 cxd4 15. exd4 Qe7 16. d5 exd5 17. Re1 $1 Bxc4 18. Ng3 Qd8 $1 ({Wrong is} 18... Bxa2 $2 19. Rxe7 Nxe7 20. Bxf6 $18) ({But not} 18... Qc5 $2 19. Bxf6 Qd6 20. Bxc4 $18) 19. Bb1 {And now Qc2 would win.} b5 20. Nf5 {[#]} d4 $1 21. Qd2 (21. Bxd4 Nxd4) 21... Be6 22. Rc5 a6 {[#]} 23. Nxg7 $1 {[%mdl 512]} Kxg7 24. Qg5+ (24. Bc1 $5 {[%cal Rd2h6]} Ng8 25. Qd3 $11) 24... Kh8 25. Qh4 $1 {Threatens to win with Rxc6!} Rg8 {[#]} (25... Re8 $11 {remains equal.}) 26. Rxc6 $1 $16 {[%mdl 576] Remove Defender} Rxc6 27. Bxd4 {[%csl Gb1][%cal Rh4h7] [#]} Kg7 (27... Bf5 $1 $16 {was called for.} 28. Bxf5 Rg6) 28. Qxh7+ $1 $18 Kf8 29. Qh6+ $40 {[%mdl 192] Double Attack. White wants a kill.} Ke8 30. Bxf6 Qa5 (30... Qd6 $142) 31. Qe3 Qb6 {...Qxe3 is the strong threat.} 32. Rd1 $2 ({White must play} 32. Be4 $1 $18) 32... Rd6 $14 33. Bd4 {[%mdl 1024] White has compensation.} Qc6 (33... b4 $1 $11) 34. Be4 $16 Qc4 35. h3 Kd7 {next ...Rd8 is good for Black.} 36. Rd2 Re8 $2 {[%mdl 8192] [#]} (36... b4 $14) 37. Kh2 $2 (37. Be5 $1 $18 {is the precise move to win.} Bd5 38. Bf5+ Kc6 39. Rc2) 37... Bd5 $2 (37... Rc8 $16) 38. Bf5+ $18 Be6 $2 {[#]} (38... Rde6 {was necessary.} 39. Bxe6+ fxe6) 39. Bd3 $1 Qa4 40. Be5 Rd5 41. Qa7+ {Accuracy: White = 79%, Black = 42%.} 1-0